Suomalaisia julkkiksia #1 - Statistics

Yleistilastot
  • Tätä visaa on pelattu 361 kertaa
  • Keskiarvotulos 11 / 16
Vastaustilastot
Kuvavisa Vastaus % Oikein
Teemu Selänne
94%
Katri Helena
90%
Matti Nykänen
90%
Aku Hirviniemi
89%
Kaija Koo
88%
Mikko Leppilampi
86%
Janni Hussi
82%
Ernest Lawson
81%
Iina Kuustonen
81%
Sami Kuronen
75%
Tarja Turunen
64%
Krista Pärmäkoski
59%
Janne Saarinen
57%
Petra Olli
52%
Miia Nuutila
29%
Anu Sinisalo
25%
Ehtoja vastaavia visoja ei löytynyt
Tulosjakauma
Jokaisen tuloksen saaneiden osuus
Persentiili vastausten määrän mukaan
Tuloshistoriasi
Et ole pelannut tätä visaa